<?xml version="1.0" encoding="UTF-8"?>
<record
    xmlns:xsi="http://www.w3.org/2001/XMLSchema-instance"
    xsi:schemaLocation="http://www.loc.gov/MARC21/slim http://www.loc.gov/standards/marcxml/schema/MARC21slim.xsd"
    xmlns="http://www.loc.gov/MARC21/slim">

  <leader>01477cam a22002537a 4500</leader>
  <controlfield tag="003">OSt</controlfield>
  <controlfield tag="005">20180117153753.0</controlfield>
  <controlfield tag="008">180117e201701  spca|||  b||| 000 0 spa|d</controlfield>
  <datafield tag="017" ind1=" " ind2=" ">
    <subfield code="a">DL B 122-2017</subfield>
    <subfield code="b">Biblioteca de Catalunya</subfield>
  </datafield>
  <datafield tag="020" ind1=" " ind2=" ">
    <subfield code="a">9788498887594</subfield>
  </datafield>
  <datafield tag="040" ind1=" " ind2=" ">
    <subfield code="a">ES-BaCBU</subfield>
    <subfield code="b">cat</subfield>
    <subfield code="c">CDMR</subfield>
  </datafield>
  <datafield tag="130" ind1="0" ind2=" ">
    <subfield code="a">Humoristas.</subfield>
    <subfield code="g">Franc, Isabel</subfield>
  </datafield>
  <datafield tag="245" ind1="1" ind2="4">
    <subfield code="a">Las Humoristas </subfield>
    <subfield code="b">: ensayo poco serio sobre mujeres y humor /</subfield>
    <subfield code="c">Isabel Franc (ed.)</subfield>
  </datafield>
  <datafield tag="260" ind1=" " ind2=" ">
    <subfield code="a">Barcelona :</subfield>
    <subfield code="b">Icaria Editorial,</subfield>
    <subfield code="c">2017</subfield>
  </datafield>
  <datafield tag="300" ind1=" " ind2=" ">
    <subfield code="a">206 p&#xE0;gines :</subfield>
    <subfield code="b">il&#xB7;lustracions en color, fotos ;</subfield>
    <subfield code="c">22 cm</subfield>
  </datafield>
  <datafield tag="504" ind1=" " ind2=" ">
    <subfield code="a">Bibliografia</subfield>
  </datafield>
  <datafield tag="505" ind1="8" ind2=" ">
    <subfield code="a">Cont&#xE9;:  Introducci&#xF3;n / Isabel Franc -- Maestras de la comicidad / Nadia Pizzuti -- El humor de las mujeres en el mundo del c&#xF3;mic / Josune Mu&#xF1;oz -- Risas de Vanguardia : iron&#xED;a y humor en las pintoras del siglo XX (1900-1950) / Elina Norandi -- La risa subalterna de las bertsolaris / Uxue Alberdi Estibaritz -- Se abre el tel&#xF3;n : mujeres que saben hacer re&#xED;r / Teresa Urroz -- El humor en la poes&#xED;a de mujeres : un mecanismo de transgresi&#xF3;n / Maria Castrej&#xF3;n -- Las demasiado... : reflexiones de una payasa sobre las mujeres y el humor / Virginia Imaz -- Sonrisas de tinta : di&#xE1;logo entre Isabel Franc y Josune Mu&#xF1;oz</subfield>
  </datafield>
  <datafield tag="650" ind1=" " ind2="7">
    <subfield code="a">Dones humoristes</subfield>
    <subfield code="2">lemac</subfield>
  </datafield>
  <datafield tag="650" ind1=" " ind2="7">
    <subfield code="a">Dones</subfield>
    <subfield code="x">Obres humor&#xED;stiques</subfield>
    <subfield code="2">lemac</subfield>
  </datafield>
  <datafield tag="650" ind1="0" ind2="7">
    <subfield code="a">Humorisme</subfield>
    <subfield code="x">Escriptores</subfield>
    <subfield code="x">Hist&#xF2;ria i cr&#xED;tica</subfield>
    <subfield code="2">lemac</subfield>
    <subfield code="9">2614</subfield>
  </datafield>
  <datafield tag="650" ind1=" " ind2="7">
    <subfield code="a">Dones i literatura</subfield>
    <subfield code="2">lemac</subfield>
  </datafield>
  <datafield tag="700" ind1="1" ind2=" ">
    <subfield code="a">Franc, Isabel,</subfield>
    <subfield code="d">1955-</subfield>
  </datafield>
  <datafield tag="942" ind1=" " ind2=" ">
    <subfield code="c">MON</subfield>
  </datafield>
  <datafield tag="999" ind1=" " ind2=" ">
    <subfield code="c">7104</subfield>
    <subfield code="d">7104</subfield>
  </datafield>
  <datafield tag="952" ind1=" " ind2=" ">
    <subfield code="0">0</subfield>
    <subfield code="1">0</subfield>
    <subfield code="4">0</subfield>
    <subfield code="7">0</subfield>
    <subfield code="a">CDMR</subfield>
    <subfield code="b">CDMR</subfield>
    <subfield code="d">2018-01-17</subfield>
    <subfield code="e">Intercanvi</subfield>
    <subfield code="g">18.00</subfield>
    <subfield code="l">2</subfield>
    <subfield code="m">1</subfield>
    <subfield code="o">Di 5/42</subfield>
    <subfield code="p">CDMR18010008</subfield>
    <subfield code="r">2023-05-04</subfield>
    <subfield code="s">2023-03-22</subfield>
    <subfield code="v">18.00</subfield>
    <subfield code="w">2018-01-17</subfield>
    <subfield code="y">MON</subfield>
  </datafield>
</record>
